000 00449cam a2200181 4500
001 D2755
008 090401t1977 xxu||||| |||| 00| 0 eng d
035 _a(Sirsi) u70436
041 _aeng
050 _a380.109421
100 _aCooper, Jeremy
245 _aUnder the hammer : the auctions and auctioneers of London
260 _aLondon
_bConstable
_c1977
300 _a248p. plates. 22cm
350 _a6.5
942 _n0
948 _c04/03/1997
999 _c95325
_d95325